00791nam a2200241 a 4500001001000000003000500010005001700015008004100032010001100073011001100084020003300095020001500128040000900143245010900152260006000261300001000321490002300331534009600354650002400450650001800474700003400492830002300526000108145CHAP20220329143959.0131209s2001 sp |r| |||||||spa d a104607 a105579 a84-9706-003-2(obra completa) a8497060024 cCHAP10aTrastorno depresivo mayor :bguía para el paciente y su familia /ceditado por Guillem Masana Montejo. aBarcelona :bPsiquiatría EditoresbArs Medica,c2001. a23 p.1 aGuías clínicas pTil. proginalttreatment works for major depressive disorder : a patient and family y guide14aDepresión mental.14aPsicoterapia.1 aMasana Montejo, Gilleme, ed. 0aGuías clínicas